| 000 | 01710nam a2200253Ia 4500 | ||
|---|---|---|---|
| 999 |
_c56570 _d56570 |
||
| 001 | 23684 | ||
| 003 | GE_BSU | ||
| 005 | 20260313171110.0 | ||
| 008 | 181216s2007||||ge |||||||||||||| ||geo|| | ||
| 040 | _cGE_BSU | ||
| 041 | _ageo | ||
| 080 | _a63+338 ა-25 | ||
| 245 |
_aაგრობიზნესის საფუძვლები : დამხმ. სახელმძღვანელო მომავალი ფერმერებისათვის : _b[კრებული] / _cავტორები : ედვარდ ფლასტერი, რეი ჰერენი, ჯეიმს ჯილეფსი, კლიფ რიკეტსი, ომრი როულინსი. |
||
| 260 | _aთბილისი | ||
| 260 | _c2007 | ||
| 300 | _a207 გვ. 29 სმ. ცხრ. ილ. | ||
| 500 | _aმასალა მომზადებულია საქ. საზ. საქმეთა ინ-ტის ს/მ განვითარების პროგრამის და ჯორჯიის უნ-ტის მიერ. დააფინანსა ამერიკის ს/მ დეპარტამენტმა | ||
| 500 | _a წიგნის გამოც. დააფინანსა ამერიკის სოფლის მეურნ. დეპ-მა | ||
| 500 | _a ლექსიკონი : გვ. 205-207 | ||
| 541 | _h10 ლ. | ||
| 653 | _aაგრობიზნესის საფუძვლები | ||
| 653 | _aდამხმარე სახელმძღვანელო მომავალი ფერმერებისათვის | ||
| 942 |
_cBK _2udc |
||